[Event "NOR-ch North Master"]
[Site "Mosjoen"]
[Date "2019.05.31"]
[Round "3"]
[White "Pettersen, Johan"]
[Black "Boroy, Rune"]
[Result "1-0"]
[WhiteElo "1949"]
[BlackElo "1656"]
[PlyCount "113"]
[EventDate "2019.05.30"]
[EventType "swiss"]
[EventRounds "6"]
[EventCountry "NOR"]
[SourceTitle "EXT 2024"]
[Source "ChessBase"]
[SourceDate "2023.10.10"]
[SourceVersion "1"]
[SourceVersionDate "2023.10.10"]
[SourceQuality "1"]

1. d4 Nf6 2. Nf3 d6 3. c4 Bg4 4. e3 Nbd7 5. Nc3 e5 6. Be2 Bf5 7. Nh4 Bg6 8. Bf3 c6 9. 0-0 Be7 10. Nxg6 hxg6 11. b4 Qc7 12. Qb3 d5 13. g3 e4 14. Bg2 Nb6 15. cxd5 cxd5 16. Bb2 Qd7 17. Rfc1 Bd6 18. a4 Qe6 19. a5 Nc4 20. Nxd5 Nxd5 21. Qxc4 Bxb4 22. Qb5+ Qd7 23. Qxd7+ Kxd7 24. Bxe4 Rh5 25. Ba3 Bxa5 26. Rc5 Nf6 27. Bxb7 Rxc5 28. Bxc5 Rb8 29. Rxa5 Rxb7 30. Rxa7 Rxa7 31. Bxa7 Ke6 32. Kg2 Nd7 33. Kf3 g5 34. Ke2 f5 35. f3 Nf6 36. h3 g6 37. Kd3 g4 38. hxg4 fxg4 39. e4 gxf3 40. d5+ Kd7 41. Bd4 Ng4 42. e5 g5 43. Bc3 Nf2+ 44. Kd4 Nd1 45. e6+ Ke8 46. Ba5 Ke7 47. Ke5 Ne3 48. d6+ Kf8 49. d7 f2 50. d8Q+ Kg7 51. Qxg5+ Kh7 52. Qxe3 f1Q 53. Qe4+ Kg7 54. Qg4+ Kh8 55. Qh5+ Kg7 56. Qg5+ Kf8 57. Ke4 1-0

[Event "NOR-ch U20"]
[Site "Stavanger"]
[Date "2017.07.08"]
[Round "9"]
[White "Pettersen, Johan"]
[Black "Jarve, Edvin"]
[Result "1/2-1/2"]
[WhiteElo "1896"]
[BlackElo "1843"]
[PlyCount "49"]
[EventDate "2017.07.01"]
[EventType "swiss"]
[EventRounds "9"]
[EventCountry "NOR"]
[SourceTitle "EXT 2018"]
[Source "ChessBase"]
[SourceDate "2017.10.13"]
[SourceVersion "1"]
[SourceVersionDate "2017.10.13"]
[SourceQuality "1"]

1. e4 e6 2. d4 d5 3. Nd2 c5 4. c3 cxd4 5. cxd4 dxe4 6. Nxe4 Nc6 7. Nf3 Bb4+ 8. Bd2 Bxd2+ 9. Qxd2 Nf6 10. Bd3 0-0 11. 0-0 Nxe4 12. Bxe4 h6 13. Rac1 Bd7 14. Rfd1 Qe7 15. d5 exd5 16. Qxd5 Be6 17. Qb5 Rac8 18. a3 Rfd8 19. Re1 a6 20. Qh5 Qf6 21. Rc3 Ne7 22. Qe5 Qxe5 23. Nxe5 Rxc3 24. bxc3 Rc8 25. Bxb7 1/2-1/2

[Event "NOR-ch U20"]
[Site "Stavanger"]
[Date "2017.07.05"]
[Round "6"]
[White "Pettersen, Johan"]
[Black "Nass, Sara"]
[Result "0-1"]
[WhiteElo "1896"]
[BlackElo "1786"]
[PlyCount "94"]
[EventDate "2017.07.01"]
[EventType "swiss"]
[EventRounds "9"]
[EventCountry "NOR"]
[SourceTitle "EXT 2018"]
[Source "ChessBase"]
[SourceDate "2017.10.13"]
[SourceVersion "1"]
[SourceVersionDate "2017.10.13"]
[SourceQuality "1"]

1. e4 c5 2. Nf3 Nc6 3. c3 d5 4. exd5 Qxd5 5. d4 Bg4 6. Be2 cxd4 7. cxd4 e6 8. 0-0 Nf6 9. Nc3 Qa5 10. a3 Be7 11. Bd2 Qd8 12. Be3 0-0 13. b4 Nd5 14. Nxd5 Qxd5 15. Qd3 a6 16. Rac1 Bf5 17. Qc4 Be4 18. Qxd5 Bxd5 19. Ne5 Rad8 20. Nxc6 Bxc6 21. Rfd1 Ba4 22. Rd3 Bf6 23. Bf3 Rd7 24. d5 Bb2 25. Re1 Bc2 26. Rd2 Bc3 27. Rxc2 Bxe1 28. Kf1 Bxb4 29. dxe6 fxe6 30. axb4 Rd3 31. Ke2 Rb3 32. Bc5 Rc8 33. Bg4 Kf7 34. Rd2 b6 35. Rd7+ Kg6 36. Bxb6 Rxb4 37. Bxe6 Rxb6 38. Rxg7+ Kxg7 39. Bxc8 a5 40. Bd7 Rb2+ 41. Kd3 Rxf2 42. Bc6 Rb2 43. Kc3 Rb4 44. h3 Kf6 45. g3 h6 46. Bf3 Rb1 47. Kc2 Rg1 0-1

[Event "Tromsoe Mars GP A"]
[Site "Tromsoe"]
[Date "2017.03.26"]
[Round "6"]
[White "Skagseth, Havard M"]
[Black "Pettersen, Johan"]
[Result "1-0"]
[WhiteElo "1984"]
[BlackElo "1867"]
[PlyCount "43"]
[EventDate "2017.03.24"]
[EventType "swiss"]
[EventRounds "7"]
[EventCountry "NOR"]
[SourceTitle "EXT 2024"]
[Source "ChessBase"]
[SourceDate "2023.10.10"]
[SourceVersion "1"]
[SourceVersionDate "2023.10.10"]
[SourceQuality "1"]

1. e4 e6 2. d4 d5 3. Nc3 Nf6 4. e5 Nfd7 5. f4 c5 6. Nf3 Nc6 7. Ne2 cxd4 8. Nexd4 Nc5 9. c3 f6 10. Be3 Bd7 11. Be2 Be7 12. 0-0 0-0 13. Kh1 a6 14. Qc2 Rc8 15. Rae1 b5 16. Qb1 Ne4 17. Nxc6 Rxc6 18. exf6 Nxf6 19. Bd3 Bd6 20. Ne5 Rc8 21. Bd4 g6 22. Bxg6 1-0

[Event "Nordstrand GP"]
[Site "Oslo"]
[Date "2016.04.16"]
[Round "5"]
[White "Ranaldi, Lucas"]
[Black "Pettersen, Johan"]
[Result "1-0"]
[WhiteElo "2186"]
[BlackElo "1855"]
[PlyCount "31"]
[EventDate "2016.04.15"]
[EventType "swiss"]
[EventRounds "5"]
[EventCountry "NOR"]
[SourceTitle "EXT 2018"]
[Source "ChessBase"]
[SourceDate "2017.10.13"]
[SourceVersion "1"]
[SourceVersionDate "2017.10.13"]
[SourceQuality "1"]

1. d4 Nf6 2. Nf3 g6 3. c4 Bg7 4. Nc3 0-0 5. g3 d5 6. cxd5 Nxd5 7. Bg2 c5 8. 0-0 Nc6 9. Nxd5 Qxd5 10. Be3 Qh5 11. dxc5 Bxb2 12. Rb1 Bg7 13. Qa4 Rd8 14. Rfc1 Rb8 15. Nh4 Qg4 16. Rc4 1-0

[Event "Chigorin Memorial 23rd"]
[Site "St Petersburg"]
[Date "2015.10.07"]
[Round "5"]
[White "Toporkova, Sofia"]
[Black "Pettersen, Johan"]
[Result "0-1"]
[WhiteElo "1950"]
[BlackElo "1741"]
[PlyCount "126"]
[EventDate "2015.10.03"]
[EventType "swiss"]
[EventRounds "9"]
[EventCountry "RUS"]
[SourceTitle "CBM 168 Extra"]
[Source "ChessBase"]
[SourceDate "2015.10.29"]
[SourceVersion "1"]
[SourceVersionDate "2015.10.29"]
[SourceQuality "1"]

1. d4 Nf6 2. Nf3 g6 3. c4 Bg7 4. Nc3 0-0 5. e4 d6 6. Be2 Na6 7. Be3 e5 8. Nd2 Ng4 9. Bxg4 exd4 10. Bxd4 Bxd4 11. 0-0 Nc5 12. Bxc8 Qxc8 13. Nd5 Kh8 14. Nb3 Nxb3 15. Qxb3 c6 16. Ne3 Qe6 17. Rfe1 Rae8 18. Nc2 Bb6 19. Qc3+ Qe5 20. Qxe5+ Rxe5 21. Kf1 f5 22. exf5 Rfxf5 23. f3 Kg7 24. Rad1 d5 25. cxd5 Rxd5 26. Rxd5 Rxd5 27. Re7+ Kh6 28. Ke2 Rb5 29. b4 Bd8 30. Re8 Bc7 31. Ra8 a5 32. a4 Re5+ 33. Kf1 axb4 34. Nxb4 Rc5 35. g3 Rc1+ 36. Kg2 Rc3 37. a5 Rb3 38. a6 Rxb4 39. Rc8 Bb6 40. axb7 Ba7 41. Rxc6 Rxb7 42. h4 Rb2+ 43. Kh3 Bg1 44. g4 Ba7 45. f4 Bb8 46. Rf6 Kg7 47. g5 Rb5 48. h5 Rf5 49. Rb6 Bxf4 50. h6+ Kg8 51. Kg4 Bxg5 52. Rb8+ Rf8 53. Rxf8+ Kxf8 54. Kxg5 Kf7 55. Kh4 Kf6 56. Kg4 Ke6 57. Kf4 Kd5 58. Kg4 Ke4 59. Kh3 Kf5 60. Kh4 g5+ 61. Kh5 g4 62. Kh4 Kf4 63. Kh5 g3 0-1

[Event "Chigorin Memorial 23rd"]
[Site "St Petersburg"]
[Date "2015.10.04"]
[Round "2"]
[White "Martynyuk, Elizaveta"]
[Black "Pettersen, Johan"]
[Result "1-0"]
[WhiteElo "2031"]
[BlackElo "1741"]
[PlyCount "67"]
[EventDate "2015.10.03"]
[EventType "swiss"]
[EventRounds "9"]
[EventCountry "RUS"]
[SourceTitle "CBM 168 Extra"]
[Source "ChessBase"]
[SourceDate "2015.10.29"]
[SourceVersion "1"]
[SourceVersionDate "2015.10.29"]
[SourceQuality "1"]

1. e4 e6 2. d4 d5 3. Nc3 Nf6 4. e5 Nfd7 5. Nf3 c5 6. dxc5 Bxc5 7. Bd3 Nc6 8. Bf4 Qb6 9. 0-0 a6 10. Qe2 Nd4 11. Nxd4 Bxd4 12. Rae1 Nc5 13. Be3 Nxd3 14. Qxd3 Bxe3 15. Rxe3 Bd7 16. Rh3 h6 17. Rg3 Kf8 18. Qf3 Rc8 19. Qg4 Rg8 20. Nxd5 exd5 21. Qxd7 Rd8 22. Qa4 Qxb2 23. Rb3 Qxe5 24. Rxb7 g6 25. Qb4+ Kg7 26. f4 Qe3+ 27. Kh1 Qe4 28. Qb6 Qe2 29. Qd4+ Kf8 30. Rfb1 Qe6 31. h3 Rc8 32. R1b6 Rc4 33. Rb8+ Ke7 34. Rxe6+ 1-0

[Event "Chigorin Memorial 23rd"]
[Site "St Petersburg"]
[Date "2015.10.03"]
[Round "1"]
[White "Pettersen, Johan"]
[Black "Ivlev, Aleksey"]
[Result "0-1"]
[WhiteElo "1741"]
[BlackElo "2215"]
[PlyCount "64"]
[EventDate "2015.10.03"]
[EventType "swiss"]
[EventRounds "9"]
[EventCountry "RUS"]
[SourceTitle "CBM 168 Extra"]
[Source "ChessBase"]
[SourceDate "2015.10.29"]
[SourceVersion "1"]
[SourceVersionDate "2015.10.29"]
[SourceQuality "1"]

1. e4 e5 2. Bc4 Nc6 3. Nc3 Nf6 4. d3 Na5 5. Bb3 Nxb3 6. axb3 h6 7. Nf3 d6 8. 0-0 Be7 9. Be3 c5 10. h3 0-0 11. Ne2 Re8 12. c4 Bf8 13. Ng3 g6 14. Qd2 Kh7 15. b4 b6 16. b5 Bg7 17. Ne1 Nd7 18. f3 Nf8 19. Nc2 Ne6 20. Ne2 f5 21. Bf2 f4 22. b4 g5 23. Nc3 h5 24. Be1 g4 25. hxg4 hxg4 26. Kf2 cxb4 27. Rh1+ Kg6 28. Nxb4 Nd4 29. Ra3 g3+ 30. Kf1 Rh8 31. Rxh8 Qxh8 32. Ne2 Nxf3 0-1

[Event "Narvik Rallarsjakken B"]
[Site "Narvik"]
[Date "2012.04.20"]
[Round "1"]
[White "Shabalin, Vladimir"]
[Black "Pettersen, Johan"]
[Result "1-0"]
[WhiteElo "1311"]
[BlackElo "600"]
[PlyCount "41"]
[EventDate "2012.04.20"]
[EventType "swiss"]
[EventRounds "5"]
[EventCountry "NOR"]
[SourceTitle "EXT 2024"]
[Source "ChessBase"]
[SourceDate "2023.10.10"]
[SourceVersion "1"]
[SourceVersionDate "2023.10.10"]
[SourceQuality "1"]

1. e4 e5 2. Nc3 Bc5 3. Nf3 d6 4. d4 exd4 5. Nxd4 Bb4 6. Bd2 Bxc3 7. Bxc3 d5 8. exd5 Qxd5 9. Qe2+ Ne7 10. 0-0-0 0-0 11. Qxe7 Qxa2 12. Nb3 Be6 13. Qa3 Qxa3 14. bxa3 Bxb3 15. cxb3 Nc6 16. Bb5 Rad8 17. Bxc6 bxc6 18. Rxd8 Rxd8 19. Rd1 Rb8 20. Rd7 Rxb3 21. Rd8# 1-0